BIBLIOTECA PODER JUDICIAL
Portal Judicial TDF

El cuidado como horizonte bioético del ejercicio profesional responsable : (Registro nro. 6373)

000 -LEADER
fixed length control field 01491nab a22002657a 4500
003 - CONTROL NUMBER IDENTIFIER
control field OSt
005 - DATE AND TIME OF LATEST TRANSACTION
control field 20260131212517.0
008 - FIXED-LENGTH DATA ELEMENTS--GENERAL INFORMATION
fixed length control field 190603e xxum|||| |||| 00| 0 spa d
040 ## - CATALOGING SOURCE
Transcribing agency PJ
100 ## - MAIN ENTRY--PERSONAL NAME
9 (RLIN) 6276
Personal name Balanesi, Marianela
245 13 - TITLE STATEMENT
Title El cuidado como horizonte bioético del ejercicio profesional responsable :
Remainder of title reflexiones a partir de un fallo judicial reciente /
Statement of responsibility, etc Marianela Balanesi.
260 ## - PUBLICATION, DISTRIBUTION, ETC. (IMPRINT)
Date of publication, distribution, etc Ciudad Autónoma de Buenos Aires :
Place of publication, distribution, etc Thomson Reuters La Ley,
Name of publisher, distributor, etc 2025.
300 ## - PHYSICAL DESCRIPTION
Extent p. 354-360
500 ## - GENERAL NOTE
General note Cita: TR LALEY AR/DOC/2796/2025 <br/>Publicado en: RCCyC 2025 (Diciembre).
505 ## - FORMATTED CONTENTS NOTE
Formatted contents note Sumario: I. Introducción.— II. El fallo.— III. El consentimiento informado.— IV. La medicina defensiva y su impacto en la relación terapéutica.— V. Los aspectos "invisibles" del fallo.— VI. Recomendaciones y consideraciones finales.
505 ## - FORMATTED CONTENTS NOTE
Formatted contents note Fallo comentado: CNCiv., sala A ~ 18/07/2025 ~ I., T. R. c. C. P. C. SA y otro s/ daños y perjuicios — resp. prof. médicos y aux.
505 ## - FORMATTED CONTENTS NOTE
Title ¿Te interesa el texto completo? Solicitalo al correo: koha@justierradelfuego.gov.ar
650 #0 - SUBJECT ADDED ENTRY--TOPICAL TERM
Topical term or geographic name as entry element RESPONSABILIDAD PROFESIONAL
9 (RLIN) 3712
650 #0 - SUBJECT ADDED ENTRY--TOPICAL TERM
Topical term or geographic name as entry element DAÑOS Y PERJUICIOS
9 (RLIN) 2823
650 #0 - SUBJECT ADDED ENTRY--TOPICAL TERM
Topical term or geographic name as entry element CONSENTIMIENTO INFORMADO
9 (RLIN) 4273
650 #0 - SUBJECT ADDED ENTRY--TOPICAL TERM
Topical term or geographic name as entry element ETICA PROFESIONAL
9 (RLIN) 353
650 #0 - SUBJECT ADDED ENTRY--TOPICAL TERM
Topical term or geographic name as entry element DERECHO A LA SALUD
9 (RLIN) 1253
773 0# - HOST ITEM ENTRY
Host Biblionumber 2713
Host Itemnumber 3170
Place, publisher, and date of publication Ciudad Autónoma de Buenos Aires : Thomson Reuters La Ley, 2015-
Title Revista Código Civil y Comercial. Nº 6 - Diciembre 2025
942 ## - ADDED ENTRY ELEMENTS (KOHA)
Source of classification or shelving scheme
Koha item type Analítica Artículo de Revista

No hay ítems disponibles.

12 de Octubre 789 Ushuaia - Tel:  54(02901)441571
Horario de Atención: 8.00 a 17.00 hs. 
bibliotecaush@justierradelfuego.gov.ar
koha@justierradelfuego.gov.ar
Seguinos en nuestras redes @bibliojustdf 

Con tecnología Koha